| 000 | 00581nam a2200229Ia 4500 | ||
|---|---|---|---|
| 003 | OSt | ||
| 005 | 20220928143228.0 | ||
| 006 | a|||||r|||| 00| 0 | ||
| 007 | ta | ||
| 008 | 220927b |||||||| |||| 00| 0 eng d | ||
| 024 | _a21455 | ||
| 037 | _cTextual | ||
| 040 |
_aSDCL _cSDCL _beng |
||
| 041 |
_2eng _aeng |
||
| 082 | _aB715, M2 | ||
| 100 |
_aChow Shui-nee _9504924 |
||
| 245 | 0 | _aMethods of bifurcation theory. | |
| 260 | _c1982 | ||
| 700 |
_a Hale Jack k. _9501559 |
||
| 942 |
_hB715, M2 _cTEXL _2CC |
||
| 999 |
_c823494 _d823494 |
||